| 000 | 01412nam a2200325 a 4500 | ||
|---|---|---|---|
| 001 | BRCA_3270 | ||
| 005 | 20190320204210.0 | ||
| 008 | 130309s1837----enka---###---#000-0#eng-# | ||
| 041 | _aeng | ||
| 044 | _aenk | ||
| 084 |
_a571 _b.D83 _c1837 |
||
| 100 | 1 |
_aCervantes Saavedra, Miguel de _d1547-1616 _9213 |
|
| 245 | 1 | 0 |
_aDon Quixote de la Mancha _cTranslated from the Spanish of Miguel de Cervantes Saavedra by Charles Jarvis. |
| 260 |
_aLondres _bJ. J. Dubochet and Co. _c1837 |
||
| 300 |
_a3 v. _bil. _c20 cm. |
||
| 500 | _aContenido : v.1. Primera parte. Vida y obra de Cervantes traducida de la escrita por Viardot. Prólogo del autor. 1837. -- v.2. Texto. Segunda parte. Prólogo del autor. 1838. -- v.3. Texto. 1839 | ||
| 500 | _aEdición : Carefully Revised and Corrected. Illustrated by Tony Johannot | ||
| 500 | _aEjemplar por completo igual al anterior [570]. Tela Lúdovik Osterc | ||
| 500 | _aQM453 | ||
| 546 | _aTexto en : inglés | ||
| 650 | 1 | 4 |
_aNovela española _yÉpoca clásica, 1500-1700 _9215 |
| 650 | 1 | 4 |
_aLiteratura española _yÉpoca clásica, 1500-1700 _9216 |
| 650 | 1 | 4 |
_aNovela española _ySiglo XVII _9217 |
| 650 | 1 | 4 |
_aDon Quijote (Personaje ficticio) _eNovela _9218 |
| 700 | 1 |
_aJarvis, Charles _d?-1739 _eTraductor _98688 |
|
| 700 | 1 |
_aJohannot, Tony _d1803-1852 _eIlustrador _98689 |
|
| 740 | 0 | _aEl Ingenioso Hidalgo Don Quijote de la Mancha | |
| 902 | _aQFM | ||
| 942 |
_2lcc _cB |
||
| 999 |
_c3006 _d3006 |
||